1240 1018 1815 1139 1399 1929 1343 2000 1118 1235 1218 1322 1624 1447 1905 1500 1191 1048 1113 1178 1138 1774 1939 1057 1389 1595 1202 1310 1530 1531 1038 1580 1551 1235 1816 1176 1521 1436 1725 1516 1788 1721 1028 1816 1789 1994 1378 1056 1202 1593 1705 1972 1720 1685 1903 1558 1311 1679 1309 1898 1842 1925 1464 1149 1272 1684 1513 1203 1064 1677 1088 1656 1512 1740 1830 1920 1528 1893 1825 1659 1785 1073 1999 1530 1164 1029 1441 1654 1020 1775 1030 1523 1538 1552 1457 1458 1554 1540 1809 BCNSPRNW ULIB Ver.6.0+V

เปลี่ยนเป็นภาษาไทย

Change to English
 แสดงรายละเอียดบรรณานุกรม
  กลับหน้าหลัก

Brief Record : Get Marc (ISO 2709) : E-mail record : QR code < ปิดหน้าต่าง
LEADER : 00000nam 2200000uu 4500
001    13399111733
003     ULIB
008    110707s2549||||th 000 0 tha d
020    9746191462
020    9789746191463
050  4 DS586^bส843ห 2549
100 0  สุเมธ ตันติเวชกุล,^d2482-
245 10 หลักธรรมหลักทำตามรอยพระยุคลบาท /^cสุเมธ ตันติเวชกุล ; ประพัฒน์ แสงวณิช, บรรณาธิการ
250    พิมพ์ครั้งที่ 15
260    กรุงเทพฯ :^bโรงพิมพ์ด่านสุทธาการพิมพ์,^c2549
300    128 หน้า :^bภาพประกอบ :^c21 ซม.
600 07 ภูมิพลอดุลยเดช,^cพระบาทสมเด็จพระปรมินทรมหา,^d2470-^xพระราชกรณียกิจ
600 07 ภูมิพลอดุลยเดช,^cพระบาทสมเด็จพระปรมินทรมหา,^d2470-^xพระบรมราโชวาท
650  4 พระบรมราโชวาท
700 0  ประพัฒน์ แสงวณิช,^eบรรณาธิการ
945    ^p99^l0^i019647
995    ทศพร
999 ^a ใช้งานได้ทุกระบบ
รายการนี้ยังไม่มีแท็ก
คุณยังไม่ได้ล็อกอิน คุณสามารถมีกิจกรรมร่วมกับเว็บไซต์ได้ แต่ต้องล็อกอินก่อน ::
  ล็อกอิน

รายการสื่อสารสนเทศ

ลำดับที่ ประเภท เลขเรียก/บาร์โค้ด สถานที่ สถานะ
- ไม่พบข้อมูล -

รายการใกล้เคียง
    หัวเรื่อง [พระบรมราโชวาท]

BibComment


ยังไม่เคยถูกคอมเมนท์

คอมเมนท์ทรัพยากรรายการนี้
  คอมเมนท์: หลักธรรมหลักทำตาม..


 Copyright 2026. Bcnsprnw @Library